Komplexní šetření kovem na každém výrobku : příklad zaměstnanců Kovosmaltu Trnava /

Hlavní autor: Sysel, Miroslav
Jazyk: Čeština
Vydáno: Praha : Práce, 1952
Vydání: 1. vyd.
Edice: Pracujeme pro mír
Fyzický popis: 44 s. ; 12°
Knihy
Uloženo v:
LEADER 00845nam a22002652a 4500
001 001104942
003 CZ BrMZK
005 20101116132215.0
007 ta
008 100708s1952 xr er|||||||||||cze d
015 |a cnb000422030 
035 |a (OCoLC)85173907 
040 |a ABA001  |b cze  |c PNA001  |d BOA001 
100 1 |a Sysel, Miroslav  |7 xx0013565  |4 aut 
245 1 0 |a Komplexní šetření kovem na každém výrobku :  |b příklad zaměstnanců Kovosmaltu Trnava /  |c Miroslav Sysel 
250 |a 1. vyd. 
260 |a Praha :  |b Práce,  |c 1952  |f (Práce 1) 
300 |a 44 s. ;  |c 12° 
490 1 |a Pracujeme pro mír ;  |v sv. 10 
500 |a 10400 výt. 
830 0 |a Pracujeme pro mír 
910 |a BOA001  |b 1-0294.070 
990 |a BK 
991 |b 201007 
996 6 |b 2619380422  |c 1-0294.070  |l MZK  |r Sklad / do 1 hodiny  |n 0  |w 001131669  |u 000010  |a 1  |e BOA001  |j MZK50  |s P